Meilleurs sons de SCH - Statistiques

Statistiques générales
  • Ce quiz a été pris 1 931 fois
    835 depuis la dernière actualisation
  • Le résultat moyen est 7 sur 15
Statistiques - réponses
Rang Titres Streams % Correct
14 A7 48,0M
87%
1 Bande organisée (ft. Kofs, Soso Maness, Elams, Jul, Naps, Solda, Houari) 278,0M
81%
6 Fusil 68,8M
71%
4 Je la connais 72,2M
66%
12 Otto 51,5M
62%
15 Champs-Élysées 46,1M
59%
11 Autobahn 52,3M
54%
2 FADE UP (ft. Hamza) 120,4M
52%
7 Mode Akimbo (ft. Jul) 67,1M
44%
8 Mayday (ft. Ninho) 63,6M
34%
10 Mother Fuck (ft. Jul) 53,1M
30%
3 La danse des bandits (ft. Naps) 73,6M
24%
5 Le classico organisé (ft. Koba LaD, PLK, Gazo, Jul, Naps, Guy2bezbar, Kofs, Soso Maness) 70,7M
11%
9 9113 (ft. Zola) 58,1M
10%
13 INTERNATIONAL GANGSTAS (ft. Farid Bang, Capo, 6ix9ine) 51,2M
3%
Aucun quiz correspondant
Distribution des résultats
% des personnes avec chaque résultat
Percentile par nombre de réponses
Votre historique - résultats
Vous n’avez pas pris ce quiz depuis la dernière actualisation